| 000 | 01006nam a22002177a 4500 | ||
|---|---|---|---|
| 008 | 131205b xxu||||| |||| 00| 0 alb d | ||
| 020 | _a9789951888103 | ||
| 041 | 0 | _aalb | |
| 041 | 0 | _asrp | |
| 080 | _a341.322 | ||
| 245 | 0 | 0 |
_aSfidat e hulumtimit të krimeve të luftës në Kosovë 1998-1999 : _c[redaksia Zejnullah Gruda... et al. ; përktheu Vehap Shita]. |
| 246 | 1 | 3 |
_aIzazovi istraživanja ratnih zločina na Kosovu 1998-juni 1999 : _bzbornika radova sa međunarodne konferencije, Priština, 16. decembar 2011 |
| 260 |
_aPrishtinë : _b Instituti për Hulumtimin e Krimeve të Luftës, _c2013. |
||
| 300 |
_a196, 174 f. ; _c24 cm. |
||
| 500 | _aNë anën e kundërt të librit, titulli dhe teksti në gjuhën serbe. | ||
| 650 | 4 |
_aKrimet e luftës _vKonferenca _zKosovë |
|
| 650 | 4 |
_aTë drejtat e njeriut _vKonferenca _zKosovë |
|
| 700 | 1 | _aGruda, Zejnullah | |
| 700 | 1 | _aShita, Vehap | |
| 942 |
_2udc _cBK |
||
| 999 |
_c389 _d389 |
||